LEADER 01183nam a2200277 a 4500 001 000000124856 003 CaOOAMICUS 005 20110330121339.0 008 110330s2010 it u000 u ita r 020 $a978-88-348-0082-9 040 $aPUL$bita 082 04$a349.45 245 00$aCento e una voce di teoria del diritto /$ca cura di Francesco D'Agostino, Agata C. Amato Mangiameli. 260 $aTorino :$bG. Giappichelli,$c©2010. 300 $aXIII, 243 p. ;$c22 cm 650 4$aDiritto$xLessico.$0(OLS)http://pul/subject/37531 700 1 $aD'Agostino, Francesco,$d1946-$0(OLS)http://pul/name/10086 700 1 $aAmato Mangiameli, Agata C.$0(OLS)http://pul/name/10087 850 $aPUL 852 $aPUL$W1$xSL Diritto e Scienze Sociali 3$y79$m349. 45 DAGFR 1$j143774$qDDC 21$q $B142787$CPULBib$Z2$F142787 $H116245 $81 941 1 $a9 996 $6020$a978-88-348-0082-9$9(OLS)http://pul/number/146805 996 $6082$a349.45$9(OLS)http://pul/classification/1808 996 $6245$aCento e una voce di teoria del diritto$9(OLS)http://pul/title/157415 996 $6260$aTorino :$bG. Giappichelli$9(OLS)http://pul/publisher/49130 LEADER 01669nam a2200349 a 4500 001 000000139612 003 CaOOAMICUS 005 20140908112524.0 008 140908s2014 it u000 u ita r 020 $a978-88-6879-014-1 040 $aPUL$bita 082 04$a268 100 1 $aMatarazzo, Carmine.$0(OLS)http://pul/name/82376 245 10$aDalla fine del mondo un nuovo umanesimo cristiano :$bl'eredità francescana della nuova evangelizzazione tra emergenze pastorali e questione educativa /$cCarmine Matarazzo ; prefazione di Luciano Meddi. 260 $aSiena :$bCantagalli,$c©2014. 300 $a329 p. ;$c21 cm 490 1 $aCollana di fuoco ;$v01 504 $aBibliografia in nota. 600 04$aFranciscus PP.,$d1936-2025$xMagistero.$0(OLS)http://pul/subject/40487 650 4$aTeologia pastorale.$0(OLS)http://pul/subject/1301 650 4$aEvangelizzazione$ySec. XXI.$0(OLS)http://pul/subject/27584 700 1 $aMeddi, Luciano.$0(OLS)http://pul/name/57219 830 0$aCollana di fuoco ;$v01.$0(OLS)http://pul/title/176735 850 $aPUL 852 $aPUL$W1$xSL Religione 3$y85$m268 MATCA 1$j161234$qDDC 21$B160702$CPULBib$Z2$F160702 $H124585 $82 941 1 $a9 960 $aPastorale$91301 996 $6020$a978-88-6879-014-1$9(OLS)http://pul/number/155920 996 $6082$a268$9(OLS)http://pul/classification/662 996 $6245$aDalla fine del mondo un nuovo umanesimo cristiano :$bl'eredità francescana della nuova evangelizzazione tra emergenze pastorali e questione educativa$9(OLS)http://pul/title/176734 996 $6260$aSiena :$bCantagalli$9(OLS)http://pul/publisher/48759